000
00333nam a22001457a 4500
008
221007b ||||| |||| 00| 0 eng d
020
_a
9780071742672
041
_a
eng
080
_2
11TH EDITION
_a
618
082
_a
618DEC
100
_a
15.2
101
_a
GINE
245
_a
OBSTETRICS GYNECOLOGY
_c
DECHERNEY A
942
_2
udc
_c
BK
999
_c
58410
_d
58410